01771cam a2200337 i 450000100090000000300050000900500170001400800410003101000170007202000310008903500130012004000400013304200080017305000230018108200350020410000340023924500440027325000200031726400740033730000450041133600260045633700280048233800270051050000400053750400510057750502720062852002940090065000430119465000390123777601570127622720763CSPC20260109142757.0220718t20232023nyua b 001 0 eng  a 2022016384 a9781350348509q(paperback) a22720763 aLBSOR/DLCbengerdacDLCdDLCdCSPC apcc00aHM1206b.M349 202300a302.23bM341m223/eng/202207281 aMarkham, Tim,d1974-eauthor.10aMedia and everyday life /cTim Markham. aSecond edition. 1aLondon, United Kingdom ;aNew York, NY :bBloomsbury Academic,c2023. aix, 320 pages :billustrations ;c25 cm. atextbtxt2rdacontent aunmediatedbn2rdamedia avolumebnc2rdacarrier a"First published 2017 by Palgrave." aIncludes bibliographical references and index.0 aIntroduction: Putting everyday life in perspective -- Why do media matter? -- Media in public life -- Media goes pop -- Media practices -- Media and identity -- Technology--the stuff of media -- Media work -- Media industries -- Social media -- Media is other people. a"This fully updated second edition is an innovative introductory textbook that offers a new way of thinking about media that challenges conventional accounts of what media do to people, focusing instead on what people do with media in the course of everyday life"--cProvided by publisher. 0aMass mediaxSocial aspectsvTextbooks. 0aMass media and culturevTextbooks.08iOnline version:aMarkham, Tim, 1974-tMedia and everyday life.b[Second edition]dNew York : Bloomsbury Academic, 2022z9781350348523w(DLC) 2022016385